000 01507cam a2200133 4500500
005 20260329023140.0
041 _afre
042 _adc
100 1 0 _ade Singly, François
_eauthor
245 0 0 _aSociologie des familles contemporaines
260 _bArmand Colin,
_c2023.
520 _aDepuis la fin du XIXe siècle, la famille soutient (idéalement) le développement personnel de chacun de ses membres, tout en contribuant à la reproduction des inégalités sociales. Dans cette 7e édition actualisée, ce long processus est schématisé en trois étapes :– Jusqu’aux années 1960, la famille moderne un s’est imposée avec le mariage amoureux, une grande division du travail entre les sexes, le repli sur le bonheur familial, et le soutien de l’État-providence.– À partir des années 1960, la famille moderne deux est apparue, avec le droit au divorce, la reconnaissance de nouvelles formes familiales, l’individualisation croissante de la femme et de l’enfant, ainsi que le maintien de la domination masculine visible dans les violences conjugales et du primat de l’engagement professionnel des hommes.– Depuis le XXIe siècle, naissent des familles modernes trois, caractérisées par une critique du couple hétérosexuel, une déconnexion entre vie conjugale et vie parentale, une ouverture à de nouveaux membres (amis, animaux familiers).
856 4 1 _uhttps://shs.cairn.info/sociologie-des-familles-contemporaines--9782200626860?lang=fr&redirect-ssocas=7080
999 _c1925084
_d1925084